000 03279pam a2200373 i 4500
001 768714001
003 CO-MdFUSB
005 20220623062549.0
007 ta
008 960816t1996 inuab b 001 0 eng
020 _a1575060051
040 _aDLC
_cCO-MdFUSB
_dDLC
_bspa
_erda
041 _aeng
082 0 0 _a221.66
_223
_bC734
245 1 _aCommunity, identity, and ideology :
_bsocial science approaches to the Hebrew Bible
_c/ editado por Charles E. Carter , Carol L. Meyers.
264 4 _aWinona Lake, Ind. :
_bEisenbrauns,
_c[1996]
264 4 _c© 1996
300 _axviii, 574 páginas :
_bilustraciones mapas ;
_c24 cm.
336 _2rdacontent
_atexto
_btxt
337 _2rdamedia
_asin mediación
_bn
338 _2rdacarrier
_avolumen
_bnc
490 1 _aSources for Biblical and Theological Study
504 _aIncluye referencias bibliográficas e índices.
505 _aSacrificio : examen preliminar / William Robertson Smith -- Judaísmo antiguo / Max Weber -- De un grupo étnico a una comunidad religiosa : el problema sociológico del judaísmo / Antonin Causse -- Las abominaciones del Levítico / Mary Douglas -- El cerdo abominable / Marvin Harris -- La conquista hebrea de Palestina / George E. Mendenhall -- Suposiciones de dominio y modelos sociales en el estudio del Israel premonárquico / Norman K Gottwald -- Sacrificios y ofrendas en el antiguo Israel: una introducción / Gary A. Anderson -- Comprensión histórica y comprensión de la religión de Israel / Robert Oden -- El impacto de los supuestos modernos y de las ciencias sociales en la reconstrucción de la historia israelita / Gary A. Herion -- Idealismo y materialismo en Weber y Gottwald / Andrew DH Mayes -- Sobre el uso de la teoría de sistemas, teorías macro y pensamiento evolucionista en la investigación moderna del Antiguo Testamento y la arqueología bíblica / Niels Peter Lemche -- Liderazgo carismático en el Libro de los Jueces / Abraham Malamat -- Jefes en Israel / James W. Flanagan -- El surgimiento de Israel : transformación social y formación del estado tras el declive del comercio de finales de la Edad del Bronce / Robert B. Coote y Keith W. Whitelam -- El surgimiento de la monarquía en Israel : los aspectos ambientales y socioeconómicos / Israel Finkelstein -- Profecía y éxtasis : un nuevo examen / Robert R. Wilson -- Profecía : el problema de la comparación transcultural / Thomas W. Overholt -- Religión y estructura sociopolítica en el Israel primitivo: un enfoque etnoarqueológico / Frank S. Frick -- La vida en la tierra : las luchas de subsistencia del Israel primitivo / David C. Hopkins -- Procreación, producción y protección: equilibrio masculino-femenino en Israel temprano / Carol L. Meyers -- El lugar de la mujer en el culto israelita / Phyllis Bird -- La política de Ezra: indicadores sociológicos de la sociedad judaica posterior al exilio / Daniel L. Smith.
563 _aPasta dura
630 0 7 _aBiblia.
_pAntiguo Testamento
630 0 _aSociología
_92570
700 1 _aCarter, Charles E.
_q(Charles Edward),
_d1952-
_eeditor
700 1 _aMeyers, Carol L.
_eeditor
830 1 _aSources for Biblical and Theological Study
_vVolume 6
942 _cBK
945 _aJTF-925
999 _c67353
_d67353